00281nam a22000977a 4500020001800000100002000018245005000038260003100088300002400119650004000143 a9781580531696 aAdamy, David L. aEW 101 : a first course in electronic warfare aLondonbArtech Housec2001 axix, 308p. :e22 cm aElectronics in military engineering